Grand in the Answers - Statistics

General Stats
  • This quiz has been taken 48,463 times
    19,476 since last reset
  • The average score is 11 of 18
Answer Stats
Clue Answer % Correct
Arizona's most prominent feature Grand Canyon
97%
High-ranking chess player Grandmaster
90%
Large musical instrument Grand piano
85%
Group that determines if there is enough evidence for a trial Grand jury
81%
Where you'd see a ribbon-cutting ceremony Grand opening
81%
A Formula One race Grand Prix
80%
New York's largest train station Grand Central
76%
Crime of stealing something worthmore than a certain amount Grand larceny
76%
What separates Texas and Mexico Rio Grande
71%
Bases-loaded home run Grand slam
62%
Michigan's second largest city Grand Rapids
60%
Famous covered marketin Istanbul Grand bazaar
53%
The Republican Party, byanother name Grand Old Party
51%
Belgium is a kingdom. France isa republic. Luxembourg is a ... Grand duchy
45%
Type of epileptic seizure Grand mal
36%
Links the Yellow and Yangtze rivers Grand Canal
31%
Leader of the Spanish Inquisition Grand inquisitor
31%
Ballet leap with split legs Grand jeté
21%
No matching quizzes found
Score Distribution
Percent of People with Each Score
Percentile by Number Answered
Your Score History
You have not taken this quiz since the last reset